Staňte se pány svého času. 2.

Základné pravidlá tzv. time managementu. Využitie času na dosiahnutie stanovených cieľov. Želanie je potrebné premeniť v konkrétny zámer. Osvojenie si racionálneho systému plánovania času. Naplánovať rozhodujúce úlohy na mesiac, týždeň, deň a úlohy splniť. Manažéri denne hodnotia uplynulý deň a zost...

Descripción completa

Guardado en:
Detalles Bibliográficos
Autor principal: Vácha, S.
Formato: Capítulo de libro
Lenguaje:checo
Materias:
Etiquetas: Agregar Etiqueta
Sin Etiquetas, Sea el primero en etiquetar este registro!

MARC

LEADER 00000naa a2200000 4500
001 r012724
005 20220826093749.0
041 0 |a cze 
044 |a CZ 
245 1 0 |a Staňte se pány svého času. 2.  |c S. Vácha 
520 |a Základné pravidlá tzv. time managementu. Využitie času na dosiahnutie stanovených cieľov. Želanie je potrebné premeniť v konkrétny zámer. Osvojenie si racionálneho systému plánovania času. Naplánovať rozhodujúce úlohy na mesiac, týždeň, deň a úlohy splniť. Manažéri denne hodnotia uplynulý deň a zostavujú plán na budúci deň. 
610 2 0 |a manažéri 
610 2 0 |a manažment času 
610 2 0 |a využitie času pracovného 
610 2 0 |a harmonogramy časové 
610 2 0 |a vedenie 
100 1 |a Vácha, S.